| 000 | 00862nam0a22002651 4500 | ||
|---|---|---|---|
| 001 | rc\246737 | ||
| 005 | 20030307120508.0 | ||
| 010 |
_a5-07-001481-1 _955171 |
||
| 035 | _a(NLR Aleph) 005503313 | ||
| 090 |
_a5329479 _c5329479 |
||
| 100 | _a20030307d1990 u |0rusy50 ca | ||
| 101 | 0 | _arus | |
| 102 | _aRU | ||
| 105 | _aa ||||||||| | ||
| 200 | 1 | _aКорова на промышленной ферме | |
| 210 |
_aМ. _cЗнание _d1990 |
||
| 215 |
_a62, [2] с. _cил. _d20 |
||
| 225 | 1 |
_aНовое в жизни, науке, технике _iСельское хозяйство _v9/1990 |
|
| 320 | _aБиблиогр. в конце текста (5 назв.) | ||
| 700 | 1 |
_aМархотский _bЛ. В. _gЛев Валентинович |
|
| 801 | 0 |
_aRU _bNLR _gpsbo |
|
| 801 | 1 |
_aRU _bELAR _2rusmarc |
|
| 852 |
_aNLR _j90-4/9525 |
||
| 942 | _cBOOK | ||
| 980 | _aNB | ||